Shrek-Postacie (części 1,2,3,4 oraz inne) - Statystyki

Ogólne statystyki
  • Ten quiz został rozwiązany 1 096 razy
    965 od ostatniego zresetowania
  • Średni wynik to 14 z 34
Statystyki odpowiedzi
Podpowiedź Postać % Poprawnych
Główny bohater Shrek
100%
Gadające zwierzę Osioł
99%
Półogr Fiona
97%
Ma buty Kot w butach
96%
Drewniany chłopiec Pinokio
94%
Strzegła zamku Smoczyca
94%
Zrobiony z ciasta Ciastek
91%
Dawny wróg 3 świnek Wilk
79%
Są ślepe myszy
76%
Następca tronu Artur
61%
Najprzystojniejszy Książe z bajki
55%
Ojciec Fiony Harold
52%
Handluje eliksirami Wróżka Chrzestna
51%
Królewna 1. Kopciuszek
37%
Królewna 3. Śpiąca Królewna
37%
Stary czarodziej Merlin
34%
Dziecko Shreka 1. Felicja
32%
Królewna 2. Królewna Snieżka
29%
Są w "drużynie" Shreka Trzy świnki
24%
Pirat Kapitan hak
23%
Dziecko Shreka 2. Fergus
20%
Główny zły Lord Farquaad
19%
Matka Fiony Lilian
17%
Dzieci osła Smosiołki
17%
Dziecko Shreka 3. Farkel
8%
Wredny Karzeł Rumpelstiltskin
8%
Siostra Kopciuszka 1. Doris
6%
Stary przyjaciel Puszka Humpty Dumpty
6%
Giermek Lorda F. Teloniusz
5%
Dziewczyna/kochanka Puszka Kitty Kociłapka
3%
Siostra Kopciuszka 2. Mabel
3%
Ogr 3. Gocha
2%
Ogr 2. Kuchcik
1%
Ogr 1. Barogan
0%
Nie znaleziono quizów pasujących do podanych kryteriów
Rozkład punktacji
Procent ludzi z każdym wynikiem
Percentyl według liczby udzielonych odpowiedzi
Twoja historia wyników
Nie rozwiązałeś tego quizu od ostatniego zresetowania